[Event "AUT-ch U10"]
[Site "St Veit"]
[Date "2023.05.27"]
[Round "2"]
[White "Schwarzl, Luka"]
[Black "Wyczesany, Valentin"]
[Result "1-0"]
[WhiteElo "941"]
[BlackElo "887"]
[PlyCount "151"]
[EventDate "2023.05.27"]
[EventType "swiss"]
[EventRounds "7"]
[EventCountry "AUT"]
[SourceTitle "CBM 214 Extra"]
[Source "ChessBase"]
[SourceDate "2023.07.31"]
[SourceVersion "1"]
[SourceVersionDate "2023.07.31"]
[SourceQuality "1"]

1. e4 e6 2. d4 d5 3. Nc3 Bb4 4. exd5 Qxd5 5. Nf3 Bxc3+ 6. bxc3 Nf6 7. Bd3 Nc6 8. Bf4 Qa5 9. Qd2 Bd7 10. 0-0 0-0-0 11. Ng5 Rdf8 12. Ne4 Nxe4 13. Bxe4 f5 14. Bf3 h6 15. Rad1 g5 16. Be5 Nxe5 17. dxe5 Rd8 18. Qc1 Qxe5 19. Qb1 b6 20. Rfe1 Qxc3 21. Re3 Qf6 22. c4 g4 23. Be2 h5 24. c5 b5 25. a4 c6 26. axb5 cxb5 27. g3 h4 28. Rc1 Bc6 29. Bxb5 Bxb5 30. Qxb5 Qe7 31. Qa6+ Qb7 32. Qxe6+ Qd7 33. c6 Qxe6 34. Rxe6 h3 35. c7 Rd7 36. Rf6 Rxc7 37. Rxc7+ Kxc7 38. Rxf5 a6 39. Rg5 Rb8 40. Kf1 Rb4 41. Rh5 Kb6 42. Rh6+ Ka5 43. Ke2 Rb2+ 44. Ke3 Rb3+ 45. Kf4 Rb4+ 46. Kg5 Kb5 47. Rh5 a5 48. Kh4+ Ka4 49. Rg5 Kb3 50. Rxa5 Kc2 51. Rg5 Kd3 52. Rxg4 Rxg4+ 53. Kxg4 Ke4 54. Kxh3 Kf5 55. g4+ Kg5 56. f4+ Kxf4 57. Kh4 Ke5 58. g5 Ke6 59. Kh5 Kf7 60. g6+ Kg8 61. Kh6 Kh8 62. g7+ Kg8 63. h3 Kf7 64. Kh7 Ke6 65. g8Q+ Ke5 66. Qf7 Kd6 67. Qe8 Kd5 68. Kg8 Kd4 69. h4 Kd5 70. h5 Kd4 71. h6 Kd5 72. h7 Kd4 73. h8Q+ Kd3 74. Qhe5 Kc4 75. Qd8 Kb4 76. Qec7 1-0

[Event "AUT-ch U10"]
[Site "St Veit"]
[Date "2023.05.27"]
[Round "3"]
[White "Wyczesany, Valentin"]
[Black "Pumberger, Philipp"]
[Result "1-0"]
[WhiteElo "887"]
[BlackElo "800"]
[PlyCount "93"]
[EventDate "2023.05.27"]
[EventType "swiss"]
[EventRounds "7"]
[EventCountry "AUT"]
[SourceTitle "CBM 214 Extra"]
[Source "ChessBase"]
[SourceDate "2023.07.31"]
[SourceVersion "1"]
[SourceVersionDate "2023.07.31"]
[SourceQuality "1"]

1. e4 g6 2. Nf3 e6 3. Bc4 d6 4. d3 b6 5. Be3 Ne7 6. Bd4 e5 7. Be3 Bg7 8. Nc3 Nd7 9. Bg5 Bb7 10. Bd5 Bxd5 11. Nxd5 Bf6 12. Nxf6+ Nxf6 13. Bxf6 0-0 14. Qd2 a5 15. Qh6 Nf5 16. exf5 Qxf6 17. Ng5 Qg7 18. Qxg7+ Kxg7 19. fxg6 fxg6 20. Ne6+ Kf7 21. Nxf8 Kxf8 22. 0-0-0 c5 23. c4 d5 24. Rd2 dxc4 25. dxc4 a4 26. Rhd1 b5 27. Rd8+ Rxd8 28. Rxd8+ Ke7 29. Rc8 Kd6 30. cxb5 Kd5 31. b6 Kc4 32. b7 h5 33. b8Q Kd3 34. Qd6+ Ke2 35. Qxe5+ Kf1 36. Qg3 Ke2 37. Re8+ Kf1 38. Re5 h4 39. Qf3 Kg1 40. Qh3 Kf1 41. Qxh4 g5 42. Qxg5 c4 43. Qg3 a3 44. bxa3 c3 45. Re3 c2 46. Kxc2 Kg1 47. Re1# 1-0